000 00606 a2200193 4500
999 _c6971
_d6971
005 20181031160422.0
010 _aENG-87799
020 _c120.00
035 _aEN-71332
037 _bDBAD / PUB
082 _a658.3
100 _aSubba Rao, P.
245 _aHuman resource management /
_cby P.Subba Rao
250 _a2nd rev. ed
260 _aMumbai
_bHimalaya Publishing House
_c2006
270 _a"Ramdoot", Dr. Bhalerao Marg, (Kelewadi), Girgaon
_bMumbai
_e400 004
_k022-23860170, 022-23863863
_mhimpub@vsnl.com
300 _a209 p.
_c24 cm. (Pbk)
942 _adpl
_cEN
_2ddc
_h658.3
_mSUB